| 000 | 00889nam a2200205 a 4500 | ||
|---|---|---|---|
| 020 | _a0080355854 | ||
| 082 | 0 | 0 |
_a363.7394 _bSYS _cL-1 , P-39 |
| 245 | 0 | 0 |
_aSystems analysis in water quality management : _bproceedings of a symposium held in London, U.K., 30 June-2 July 1987 / _ceditor, M.B. Beck. |
| 250 | _a1st ed. | ||
| 260 |
_aOxford ; _aNew York : _bPergamon Press, _c1987. |
||
| 300 |
_ax, 435 p. : _bill. ; _c26 cm. |
||
| 500 | _aSymposium sponsored by the IAWPRC Specialist Group on Systems Analysis in Water Quality Management. | ||
| 526 |
_a0 _b0 _c0 _d363_739400000000000_SYS |
||
| 650 | 0 |
_aMCE _9379 |
|
| 650 | 0 |
_aSystem analysis _xCongresses. _938208 |
|
| 650 | 0 |
_aWater quality management _xMathematical models _xCongresses. _938209 |
|
| 700 | 1 |
_aBeck, M. B. _938210 |
|
| 710 | 2 |
_aIAWPRC Specialist Group on Systems Analysis in Water Quality Management. _938211 |
|
| 942 |
_2ddc _cBK |
||
| 999 |
_c542857 _d542857 |
||